000 00565nam a22002057a 4500
003 OSt
005 20210414083008.0
008 210312s1970 ||||| |||| 00| 0 eng d
040 _aeng
_beng
_cDLC
041 _aeng
080 _a821.111
_bF-82
100 _91413
_aFowles John
245 _aThe French Lieutenant's Woman
_c/ by: A Signet Book
260 _aNew York
_bA Signet Book
_c1970
300 _a366 p.
365 _b1.75 usd
650 0 _9247
_aEnglish literature
653 _aინგლისური ლიტერატურა
942 _2udc
_cBK
999 _c2211
_d2211